| 000 | 00530nam a22001697a 4500 | ||
|---|---|---|---|
| 005 | 20250401153453.0 | ||
| 010 | _aENG-144368 | ||
| 020 |
_c700.00 _a9788172614232 |
||
| 035 | _aEN- 127900 | ||
| 037 | _bDBAD | ||
| 082 |
_a181.499 _21st |
||
| 245 |
_aJUST A SMALL STEP : _bEnter Meditation like a Shooting Star/ |
||
| 260 |
_aPune _bOSHO Media International _c2022 |
||
| 270 |
_bPune _a17, Koregaon, Park, Pune 411001 MS, India _e411001 |
||
| 300 |
_avii, 179Pb _c21cm(Pb) |
||
| 942 |
_2ddc _cEN _h181.499 _mSTE _e1st |
||
| 999 |
_c210606 _d210606 |
||